<?xml version="1.0" encoding="UTF-8"?>
<marc:record xmlns:marc="http://www.loc.gov/MARC21/slim">
   <marc:leader>00000nam a2200000 a 4500</marc:leader>
   <marc:datafield ind1="1" ind2=" " tag="100">
      <marc:subfield code="a">Wirtenberger, Martha</marc:subfield>
      <marc:subfield code="4">aut</marc:subfield>
      <marc:subfield code="e">Verfasser/-in</marc:subfield>
   </marc:datafield>
   <marc:datafield ind1=" " ind2=" " tag="653">
      <marc:subfield code="a">Tod</marc:subfield>
   </marc:datafield>
   <marc:datafield ind1=" " ind2=" " tag="653">
      <marc:subfield code="a">Abschied</marc:subfield>
   </marc:datafield>
   <marc:datafield ind1=" " ind2=" " tag="653">
      <marc:subfield code="a">Trauer</marc:subfield>
   </marc:datafield>
   <marc:datafield ind1=" " ind2=" " tag="653">
      <marc:subfield code="a">Ratgeber</marc:subfield>
   </marc:datafield>
   <marc:datafield ind1=" " ind2=" " tag="653">
      <marc:subfield code="a">Sterben</marc:subfield>
   </marc:datafield>
   <marc:datafield ind1="0" ind2="0" tag="245">
      <marc:subfield code="a">Keke, kommst Du wieder?</marc:subfield>
   </marc:datafield>
   <marc:datafield ind1="0" ind2="0" tag="245">
      <marc:subfield code="b">einfühlsames Kinderbuch über den Tod und Sterben</marc:subfield>
   </marc:datafield>
   <marc:datafield ind1="0" ind2="0" tag="245">
      <marc:subfield code="c">Martha Wirtenberger</marc:subfield>
   </marc:datafield>
   <marc:datafield ind1=" " ind2="1" tag="264">
      <marc:subfield code="a">Bangkok, Thailand</marc:subfield>
      <marc:subfield code="b">Sinn &amp; Unsinn Kinderbücher</marc:subfield>
      <marc:subfield code="c">2023</marc:subfield>
   </marc:datafield>
   <marc:datafield ind1="1" ind2=" " tag="520">
      <marc:subfield code="a">Unsere Kinder können sich so etwas Abstraktes wie den „Tod“ nicht ohne weiteres vorstellen.&#xD;
Dieses Buch hilft Kindern, durch eine liebevoll und einfühlsam erzählte Geschichte zu verstehen, was „Tod“ und „Sterben“ bedeuten.&#xD;
Behutsam werden Sie und Ihre Kinder durch eine tröstliche und Hoffnung gebende Geschichte geführt, die im Alltag unserer Kinder spielt.&#xD;
&#xD;
Lernen Sie Leoni und Max kennen, die lernen müssen, ihren geliebten Hasen „Keke“ zu verabschieden.&#xD;
&#xD;
Am Ende der Erzählung erscheint Tod nicht als etwas Angsteinflößendes, sondern ein Gefühl von Zuversicht und Hoffnung wird vermittelt.&#xD;
Auch wenn der Abschied endgültig ist, können wir mit Liebe und Dankbarkeit an den Menschen denken, der uns begleitet hat.&#xD;
&#xD;
Im Anhang enthält dieses Buch außerdem praktische Tipps, wie Sie und Ihre Kinder Ihre Trauer heilsam verarbeiten und in zuversichtliche Dankbarkeit verwandeln können&#xD;
&#xD;
Liebevoll per Hand gemalte Aquarell-Illustrationen machen die Geschichte für Kinder leicht nachvollziehbar und anschaulich verständlich&#xD;
&#xD;
In herzenserwärmendem und persönlichem Stil von professioneller Trauerbegleiterin geschrieben&#xD;
&#xD;
Es wird nicht einer religiösen Vorstellung gefolgt, sondern verschiedene Möglichkeiten, was nach dem Tod passieren kann, werden gleichberechtigt nebeneinander in die Geschichte eingebettet vorgestellt&#xD;
&#xD;
&#xD;
Ermöglichen Sie Ihren Kindern einen leicht verständlichen und kindgerechten Zugang, um zu verstehen, was Abschied nehmen und Tod bedeuten.</marc:subfield>
   </marc:datafield>
   <marc:datafield ind1=" " ind2=" " tag="020">
      <marc:subfield code="a">9783949946141</marc:subfield>
      <marc:subfield code="9">9783949946141</marc:subfield>
   </marc:datafield>
   <marc:datafield ind1=" " ind2=" " tag="041">
      <marc:subfield code="a">ger</marc:subfield>
   </marc:datafield>
   <marc:datafield ind1=" " ind2=" " tag="338">
      <marc:subfield code="a">Band</marc:subfield>
   </marc:datafield>
   <marc:datafield ind1=" " ind2=" " tag="300">
      <marc:subfield code="a">39 Seiten, Illustrationen</marc:subfield>
   </marc:datafield>
</marc:record>
